000 00662nam a22001937a 4500
005 20180309094443.0
010 _aB-667618
020 _a9789381162439
_c450.00
035 _aB-667618
037 _bKKP
_adpl
082 _a657.48
100 _aGupta, Nirmal
245 _aFinancial accounting /
_cby Nirmal Gupta
260 _aNew Delhi
_bAne Books
_c2016
270 _a4821,Parwana Bhawan, 1st Floor,24 Ansari Road,Draya Ganj
_bNew Delhi
_e110002
300 _axviii,798p.
_c24cm(pbk)
942 _2ddc
_cEN
_mGUP
_h657.48
999 _c150293
_d150293